00447cam a2200157ua 45000010005000000080039000050400009000440820011000531000028000642450068000922500009001602600038001693000017002076530014002246530051002381960111125n ii |||gr||||Z||||||asm cMAIN a370.15 aBaruah, Jatin,eAuthor.1 aPrarambhik shiksha monobigyan aru parisangkhyacby Jatin Baruah a6th. aGuahati:bLawyers book stall,995. a250p:c23cm. aEducation aPrarambhik shiksha monobigyan aru parisangkhya